Методы получения и свойства нанообъектов: учебное пособие

Bibliografiske detaljer
Andre forfattere: Минько Н. И. Нина Ивановна, Строкова В. В. Валерия Валерьевна, Жерновский И. В. Игорь Владимирович, Нарцев В. М. Владимир Михайлович
Summary:В пособии рассмотрены основные методы получения нанообъектов, наночастиц, наноструктур: наносборка, ионная бомбардировка, ударные волны, вакуумное испарение, катодное распыление, низкотемпературная плазма, плазмохимический синтез, диспергирование, механохимический синтез, самораспространяющийся высокотемпературный синтез, взрывной синтез, электрический взрыв проводников, электроэрозионный метод, осаждение из жидкой фазы и осаждение из расплавов, кристаллизация и микроликвация и т.д. Представлены основные свойства нанообъектов: магнитные, термические, каталитические, механические. Дано краткое описание наиболее распространенных методов исследования наночастиц и наноструктурных объектов. Для студентов и аспирантов, обучающихся по специальности «Нанотехнологии» и смежным специальностям, а также для инженеров и научных сотрудников.
Sprog:russisk
Udgivet: Москва, Флинта, 2009
Fag:
Format: MixedMaterials Bog
KOHA link:https://koha.lib.tpu.ru/cgi-bin/koha/opac-detail.pl?biblionumber=153631

MARC

LEADER 00000nam0a2200000 4500
001 153631
005 20231101221715.0
010 |a 9785976503267  |b (Флинта)  |b 1000 экз.  |b (Наука) 
010 |a 978-5-02-034741-0 
021 |a RU  |b 08-83529  |9 08-4870 
035 |a (RuTPU)RU\TPU\book\166666 
090 |a 153631 
100 |a 20081119d2009 m y0rusy5002 ca 
101 0 |a rus 
102 |a RU 
105 |a a j 001zy 
200 1 |a Методы получения и свойства нанообъектов  |e учебное пособие  |f Н. И. Минько [и др.] 
210 |a Москва  |c Флинта  |c Наука  |d 2009 
215 |a 163 с.  |c ил.  |d 21 см. 
320 |a Библиогр.: с. 157-163. 
330 |a В пособии рассмотрены основные методы получения нанообъектов, наночастиц, наноструктур: наносборка, ионная бомбардировка, ударные волны, вакуумное испарение, катодное распыление, низкотемпературная плазма, плазмохимический синтез, диспергирование, механохимический синтез, самораспространяющийся высокотемпературный синтез, взрывной синтез, электрический взрыв проводников, электроэрозионный метод, осаждение из жидкой фазы и осаждение из расплавов, кристаллизация и микроликвация и т.д. Представлены основные свойства нанообъектов: магнитные, термические, каталитические, механические. Дано краткое описание наиболее распространенных методов исследования наночастиц и наноструктурных объектов. Для студентов и аспирантов, обучающихся по специальности «Нанотехнологии» и смежным специальностям, а также для инженеров и научных сотрудников. 
606 0 |a Наноструктуры (физ.)  |2 RuMRKP 
606 1 |a Нанотехнология  |2 stltpush  |3 (RuTPU)RU\TPU\subj\51510  |9 70088 
610 1 |a история 
610 1 |a нанообъекты 
610 1 |a получение 
610 1 |a наноструктуры 
610 1 |a свойства 
610 1 |a исследование 
610 1 |a методы исследования 
610 1 |a наноструктурные материалы 
610 1 |a учебные пособия 
675 |a 620.3(075.8)  |v 3  |z rus 
701 1 |a Минько  |b Н. И.  |g Нина Ивановна 
701 1 |a Строкова  |b В. В.  |g Валерия Валерьевна 
701 1 |a Жерновский  |b И. В.  |g Игорь Владимирович 
701 1 |a Нарцев  |b В. М.  |g Владимир Михайлович 
801 1 |a RU  |b 63413507  |c 20090213  |g PSBO 
801 2 |a RU  |b 63413507  |c 20201119  |g PSBO 
900 |a Технологические процессы создания наноструктурных материалов для отраслей наноиндустрии 
900 |a Методы тестирования эксплуатационных характеристик наноматериалов 
900 |a Наноматериалы 
900 |a Нанотехнологии 
942 |c BK 
959 |a 25/20090211  |d 3  |e 0  |f АНЛ:1  |f ЧЗТЛ:2